1874 1325 1255 1333 1633 1204 1889 1807 1259 1141 1083 1455 1500 1349 1664 1648 1582 1346 1181 1195 1696 1717 1386 1750 1633 1348 1930 1796 1323 1368 1321 1524 1989 1741 1551 1984 1334 1831 1225 1366 1471 1575 1517 1831 1515 1827 1214 1740 1221 1372 1415 1018 1056 1469 1428 1139 1550 1300 1085 1908 1328 1436 1085 1745 1657 1079 1472 1821 1947 1810 1126 1274 1663 1744 1705 1348 1385 1575 1961 1778 1436 1689 1954 1437 1800 1276 1194 1602 1124 1605 1996 1862 1738 1853 1756 1315 1486 1100 1513 BCNSPRNW ULIB Ver.6.0+V

เปลี่ยนเป็นภาษาไทย

Change to English
 แสดงรายละเอียดบรรณานุกรม
  กลับหน้าหลัก

Brief Record : Get Marc (ISO 2709) : E-mail record : QR code < ปิดหน้าต่าง
LEADER : 00000nam 2200000uu 4500
001    13399111925
003     ULIB
008    110627s2551||||th 000 0 tha d
020    9789741000913
090    นว.^bต393ส 2551
100 0  ติยาภัทร
245 00 สุดรอยทราย ใต้เงาจันทร์/^cติยาภัทร
260    กรุงเทพฯ :^bcome on,^c2551
300    320 หน้า
710 1  come on
945    ^p220^l0^i023600
995    ทศพร
999 ^a ใช้งานได้ทุกระบบ
รายการนี้ยังไม่มีแท็ก
คุณยังไม่ได้ล็อกอิน คุณสามารถมีกิจกรรมร่วมกับเว็บไซต์ได้ แต่ต้องล็อกอินก่อน ::
  ล็อกอิน

รายการสื่อสารสนเทศ

ลำดับที่ ประเภท เลขเรียก/บาร์โค้ด สถานที่ สถานะ
- ไม่พบข้อมูล -

BibComment


ยังไม่เคยถูกคอมเมนท์

คอมเมนท์ทรัพยากรรายการนี้
  คอมเมนท์: สุดรอยทราย ใต้เงา..


 Copyright 2026. Bcnsprnw @Library